000 01305cam a2200349 4500
001 12437
003 BD-RjUL
005 20211208235308.0
008 140128s1972 fr a b 100 0 eng
035 _a(BD-RjUL)12486
040 _aDLC
_cDLC
_dDLC
_dBD-RjUL
_beng
041 0 _aengfre
082 0 0 _a573.2
_bSYR 1972
111 2 _aSymposium on Environmental Changes and the Origin of Homo sapiens,
_cParis,
_d1969.
_938674
245 1 4 _aThe origin of Homo sapiens :
_bOrigine de l'homme moderne /
_cProceedings of the Paris symposium, 2-5 September 1969, organized by Unesco in co-operation with the International Union for Quaternary Research (INQUA). Edited by F. Bordes.
260 _aParis :
_bUnesco ,
_c1972.
300 _a321 p. :
_billus. ;
_c27 cm.
350 _a$10.00 (U.S.)
500 _aEnglish or French.
500 _a"SC.70/XXIV.3/AF."
504 _aIncludes bibliographies.
650 0 _aStone age
_xCongresses.
_938671
650 0 _aHuman evolution
_xCongresses.
_937262
700 1 _aBordes, Francois,
_eed.
_934566
710 2 _aUnesco.
_938672
710 2 _aInternational Union for Quaternary Research.
_938673
740 _aOrigine de l'homme moderne.
942 _2ddc
_cBK
999 _c12437
_d12437